000 00684nam a22002418a 4500
008
020 _a0582065941 (pbk.)
049 _aMAIN
090 _aTA175
_bRHO
100 1 _aRhodes, R.S.
245 1 0 _aBasic engineering drawing /
_cR.S. Rhodes, L.B. Cook.
260 _bLongman Scientific & Technical,
_c1990.
300 _a182 p. :
_bill. ;
_c30 cm.
650 0 _aEngineering drawings.
650 0 _aMechanical drawing.
653 _aTechnical drawings
_aDraftsmanship
700 1 _aCook, L.B.
907 _a.b10067164
_b20-02-13
_c17-04-03
003
005 20230123134129.0
040 _cNUST
942 _cBOOKS
_kTA175
_mRHO
999 _c160580
_d160580